[Event "XXI Moglianoscacchi Magistrale"]
[Site "Mogliano Veneto ITA"]
[Date "2000.04.29"]
[Round "1"]
[White "Alberton, Roberto"]
[Black "Colovic, Aleksandar"]
[Result "1/2-1/2"]
[WhiteElo "2138"]
[BlackElo "2414"]
[PlyCount "81"]
[EventDate "2000.04.29"]

1. d4 Nf6 2. c4 g6 3. Nc3 d5 4. cxd5 Nxd5 5. e4 Nxc3 6. bxc3 Bg7 7. Bc4 b6 8.
Nf3 O-O 9. Qe2 Nc6 10. O-O Na5 11. Ba6 c5 12. Rd1 cxd4 13. cxd4 Bxa6 14. Qxa6
Qc8 15. Qe2 Rd8 16. Ba3 Qd7 17. Rac1 Rac8 18. d5 Rxc1 19. Rxc1 b5 20. Bb2 Bxb2
21. Qxb2 Nc4 22. Qb3 Rc8 23. Nd4 a6 24. Nc6 e6 25. a4 exd5 26. exd5 Nd6 27.
axb5 axb5 28. h3 Re8 29. Ra1 Qf5 30. Ra8 Qe4 31. Rxe8+ Qxe8 32. Qb4 Qd7 33. Ne5
Qe7 34. Nc6 Qf6 35. g3 h5 36. h4 Kg7 37. Kg2 Kh7 38. Kg1 Kg7 39. Kg2 Kh7 40.
Kg1 Kg7 41. Kg2 1/2-1/2

[Event "XXI Moglianoscacchi Magistrale"]
[Site "Mogliano Veneto ITA"]
[Date "2000.04.29"]
[Round "1"]
[White "Ciampi, Vincenzo"]
[Black "Drazic, Sinisa"]
[Result "0-1"]
[WhiteElo "2146"]
[BlackElo "2483"]
[PlyCount "94"]
[EventDate "2000.04.29"]

1. d4 Nf6 2. Nf3 g6 3. c4 Bg7 4. Nc3 O-O 5. e4 d6 6. h3 Na6 7. Bg5 c6 8. Be2 e5
9. d5 h6 10. Be3 cxd5 11. cxd5 Kh7 12. Nd2 Bd7 13. g4 Ng8 14. h4 f5 15. gxf5
gxf5 16. exf5 Ne7 17. f6 Bxf6 18. Bd3+ Nf5 19. Qh5 Bg7 20. Rg1 Qe8 21. Qg4 Qf7
22. O-O-O Rac8 23. Kb1 Kh8 24. Qe2 Nb4 25. Nde4 Nxd3 26. Qxd3 a6 27. Bb6 Qh5
28. Ka1 Rf7 29. Qe2 Qxe2 30. Nxe2 Bf8 31. h5 Rg7 32. Rxg7 Nxg7 33. Nf6 Ba4 34.
b3 Bb5 35. Rc1 Rxc1+ 36. Nxc1 Be7 37. Ne4 Bf1 38. Bc7 Ne8 39. Ba5 Bg2 40. Nc3
Nf6 41. N1e2 Nxh5 42. Ng3 Nxg3 43. fxg3 Kg7 44. Kb1 Kg6 45. Kc2 Kf5 46. Kd3 Kg4
47. Ne4 Kf3 0-1

[Event "XXI Moglianoscacchi Magistrale"]
[Site "Mogliano Veneto ITA"]
[Date "2000.04.29"]
[Round "1"]
[White "Danieli, Enrico"]
[Black "Suchan, Rafal"]
[Result "0-1"]
[WhiteElo "2055"]
[BlackElo "2306"]
[PlyCount "78"]
[EventDate "2000.04.29"]

1. Nf3 Nf6 2. d4 d6 3. e3 g6 4. Be2 Bg7 5. O-O O-O 6. c3 Nbd7 7. b4 e5 8. a4 a5
9. b5 Re8 10. Ba3 e4 11. Nfd2 Nf8 12. c4 h5 13. Nc3 N8h7 14. Nd5 Nxd5 15. cxd5
Qg5 16. Kh1 Qxd5 17. Qc2 Re7 18. b6 c6 19. Bc4 Qf5 20. Bxd6 Re8 21. Be2 Nf6 22.
Be5 Ng4 23. Bxg4 hxg4 24. Qxe4 Bxe5 25. Qxf5 Bxf5 26. dxe5 Rxe5 27. Nc4 Rd5 28.
e4 Bxe4 29. Ne3 Rd4 30. Nxg4 Bxg2+ 31. Kxg2 Rxg4+ 32. Kf3 Rb4 33. Rfb1 c5 34.
Rc1 c4 35. Rcb1 Ra6 36. Rxb4 axb4 37. a5 c3 38. Ke3 b3 39. Kd3 c2 0-1

[Event "XXI Moglianoscacchi Magistrale"]
[Site "Mogliano Veneto ITA"]
[Date "2000.04.29"]
[Round "1"]
[White "Del Monaco, Andrea"]
[Black "Mufic, Goran"]
[Result "0-1"]
[WhiteElo "2093"]
[BlackElo "2372"]
[PlyCount "90"]
[EventDate "2000.04.29"]

1. e4 c5 2. Nf3 Nc6 3. Bb5 g6 4. Bxc6 bxc6 5. O-O Bg7 6. Re1 Nf6 7. e5 Nd5 8.
c4 Nc7 9. d4 cxd4 10. Qxd4 Ne6 11. Qh4 O-O 12. Nc3 Rb8 13. b3 d5 14. cxd5 cxd5
15. Bd2 d4 16. Ne4 Rb4 17. Neg5 Nxg5 18. Nxg5 h6 19. Nf3 Bb7 20. Bxh6 Bxf3 21.
gxf3 e6 22. Bg5 Qd5 23. f4 Rc8 24. Rad1 d3 25. Be7 d2 26. Rf1 Rc2 27. Bd6 Qf3
28. Qg3 Qe2 29. Qe3 Qxe3 30. fxe3 Rxa2 31. Kf2 Rxb3 32. Ke2 Rbb2 33. Rf2 Bf8
34. e4 Ra4 35. Bxf8 Kxf8 36. Ke3 Ra3+ 37. Ke2 Rb4 38. Rxd2 Rxe4+ 39. Kf1 Raa4
40. Rd8+ Kg7 41. Rb8 Rxf4 42. Rxf4 Rxf4+ 43. Kg2 Ra4 44. Rb5 g5 45. Kg3 Kg6 0-1

[Event "XXI Moglianoscacchi Magistrale"]
[Site "Mogliano Veneto ITA"]
[Date "2000.04.29"]
[Round "1"]
[White "Doric, Nenad"]
[Black "Solinas, Carlo"]
[Result "1-0"]
[WhiteElo "2294"]
[BlackElo "2050"]
[PlyCount "75"]
[EventDate "2000.04.29"]

1. e4 e5 2. Nf3 Nc6 3. Nc3 Nf6 4. Bb5 Nd4 5. Nxe5 Bb4 6. Bc4 O-O 7. O-O d6 8.
Nd3 Ba5 9. Re1 c6 10. e5 dxe5 11. Nxe5 Bf5 12. d3 b5 13. Bb3 Qd6 14. Bf4 Qc5
15. Bg5 Rae8 16. Bxf6 Nxb3 17. axb3 Bxc3 18. bxc3 gxf6 19. Nf3 Qxc3 20. Rxa7
Bg4 21. Rxe8 Rxe8 22. h3 Bh5 23. Qd2 Qc5 24. Ra6 Bxf3 25. gxf3 Qh5 26. Qf4 Re5
27. Qxf6 Re1+ 28. Kg2 Re8 29. Rxc6 Qd5 30. h4 Qd7 31. Rc5 Re6 32. Rg5+ Kf8 33.
Qg7+ Ke7 34. Re5 Qd6 35. Rxe6+ Qxe6 36. Qxh7 Qf6 37. Qe4+ Kf8 38. c4 1-0

[Event "XXI Moglianoscacchi Magistrale"]
[Site "Mogliano Veneto ITA"]
[Date "2000.04.29"]
[Round "1"]
[White "Gallo, Enrico"]
[Black "Lorusso, Giuseppe"]
[Result "0-1"]
[WhiteElo "2161"]
[BlackElo "1792"]
[PlyCount "112"]
[EventDate "2000.04.29"]

1. e4 c5 2. Nf3 Nc6 3. d4 cxd4 4. Nxd4 Nf6 5. Nc3 d6 6. Bc4 e6 7. Be3 Be7 8.
Qe2 a6 9. O-O-O Qc7 10. Bb3 Bd7 11. g4 O-O 12. g5 Ne8 13. h4 Na5 14. Kb1 b5 15.
Rdg1 Nc4 16. g6 Na3+ 17. bxa3 Qxc3 18. gxf7+ Rxf7 19. Nxe6 Bf6 20. e5 Qxe5 21.
Nd4 d5 22. f4 Qe4 23. Qd3 Nd6 24. Nf3 Nc4 25. Qxe4 dxe4 26. Ne5 Bxe5 27. fxe5
Nxe3 28. e6 Bxe6 29. Bxe6 Kf8 30. Bxf7 Kxf7 31. Rg5 Rc8 32. Re5 Nc4 33. Rf1+
Kg8 34. Rd5 Ne3 35. Rdd1 Nxf1 36. Rxf1 Rc4 37. Kc1 Ra4 38. Re1 e3 39. Rxe3 Rxh4
40. Re7 Ra4 41. Kb2 h6 42. Kb3 Kh7 43. Ra7 h5 44. c4 Rxc4 45. Rxa6 h4 46. Ra5
Rc5 47. Kb4 Rh5 48. a4 h3 49. Rxb5 Rxb5+ 50. axb5 h2 51. a4 h1=Q 52. a5 Qe1+
53. Ka4 Qe4+ 54. Kb3 Qd5+ 55. Kb4 Qd4+ 56. Kb3 Qc5 0-1

[Event "XXI Moglianoscacchi Magistrale"]
[Site "Mogliano Veneto ITA"]
[Date "2000.04.29"]
[Round "1"]
[White "Jacimovic, Dragoljub"]
[Black "Cecchetto, Vanni"]
[Result "1-0"]
[WhiteElo "2474"]
[BlackElo "2143"]
[PlyCount "39"]
[EventDate "2000.04.29"]

1. d4 Nf6 2. c4 e6 3. Nc3 Bb4 4. Qc2 c5 5. dxc5 Na6 6. a3 Bxc3+ 7. Qxc3 Nxc5 8.
b4 Nce4 9. Qd4 d5 10. c5 O-O 11. f3 e5 12. Qb2 Re8 13. fxe4 Nxe4 14. Nf3 Bg4
15. g3 Nf2 16. Kxf2 e4 17. Bg2 exf3 18. exf3 Bf5 19. Be3 Qd7 20. Rhe1 1-0

[Event "XXI Moglianoscacchi Magistrale"]
[Site "Mogliano Veneto ITA"]
[Date "2000.04.29"]
[Round "1"]
[White "Renier, Renzo"]
[Black "Scalcione, Michelangelo"]
[Result "1-0"]
[WhiteElo "1917"]
[BlackElo "2183"]
[PlyCount "71"]
[EventDate "2000.04.29"]

1. e4 e5 2. Nf3 d6 3. d4 exd4 4. Nxd4 Nf6 5. Nc3 Be7 6. Bd3 O-O 7. O-O Nc6 8.
Nxc6 bxc6 9. Bf4 Be6 10. Re1 Rb8 11. b3 Nd7 12. Qd2 Bf6 13. Rad1 Re8 14. Ne2 c5
15. c4 Ne5 16. Bb1 Nc6 17. Be3 Qe7 18. Nf4 Bd4 19. Nd5 Qd8 20. Bg5 f6 21. Bh4
Bf7 22. Kh1 Qd7 23. Qd3 Qg4 24. Bg3 Ne5 25. Qd2 Qd7 26. Qf4 c6 27. Ne3 Bh5 28.
Rd2 Bc3 29. Red1 Bxd1 30. Rxd1 Rbd8 31. Nf5 Qe6 32. Qh4 Ng6 33. Qg4 d5 34. h4
dxc4 35. Rxd8 Rxd8 36. Nh6+ 1-0

[Event "XXI Moglianoscacchi Magistrale"]
[Site "Mogliano Veneto ITA"]
[Date "2000.04.29"]
[Round "2"]
[White "Caruso, Augusto"]
[Black "Klundt, Klaus"]
[Result "1/2-1/2"]
[WhiteElo "2260"]
[BlackElo "2398"]
[PlyCount "54"]
[EventDate "2000.04.29"]

1. e4 c5 2. Nf3 Nc6 3. d4 cxd4 4. Nxd4 e5 5. Nb3 Nf6 6. Bc4 Bb4+ 7. c3 Be7 8.
O-O O-O 9. Qe2 d6 10. a4 Bg4 11. f3 Be6 12. Na3 Rc8 13. Be3 Qc7 14. Rfd1 Rfd8
15. Bd5 Rd7 16. Qf2 Bd8 17. Nb5 Qb8 18. Nxa7 Bxd5 19. exd5 Nxa7 20. Bxa7 Qc7
21. a5 Qc4 22. Nd2 Qxd5 23. Ne4 Qc6 24. Nxf6+ Bxf6 25. Qb6 d5 26. Qxc6 Rxc6 27.
Rd3 h5 1/2-1/2

[Event "XXI Moglianoscacchi Magistrale"]
[Site "Mogliano Veneto ITA"]
[Date "2000.04.29"]
[Round "2"]
[White "Cecchetto, Vanni"]
[Black "Danieli, Enrico"]
[Result "0-1"]
[WhiteElo "2143"]
[BlackElo "2055"]
[PlyCount "46"]
[EventDate "2000.04.29"]

1. c4 e6 2. d3 d5 3. Nf3 dxc4 4. Qa4+ Bd7 5. Qxc4 Nf6 6. Nc3 Be7 7. g3 Bc6 8.
Bg2 O-O 9. O-O Nbd7 10. d4 Nb6 11. Qd3 Rc8 12. e4 a6 13. a4 Be8 14. a5 Nbd7 15.
Rd1 c6 16. Qe2 Bb4 17. d5 cxd5 18. e5 Bxc3 19. bxc3 Ne4 20. Rd3 Ndc5 21. Nd4
Nxd3 22. Qxd3 Rxc3 23. Qb1 Rc4 0-1

[Event "XXI Moglianoscacchi Magistrale"]
[Site "Mogliano Veneto ITA"]
[Date "2000.04.29"]
[Round "2"]
[White "Colovic, Aleksandar"]
[Black "Renier, Renzo"]
[Result "1-0"]
[WhiteElo "2414"]
[BlackElo "1917"]
[PlyCount "97"]
[EventDate "2000.04.29"]

1. e4 e5 2. Nf3 Nc6 3. Bb5 a6 4. Ba4 Nf6 5. O-O Be7 6. Re1 b5 7. Bb3 d6 8. c3
O-O 9. h3 Na5 10. Bc2 c5 11. d4 Qc7 12. Nbd2 Bb7 13. d5 Bc8 14. b3 Bd7 15. Nf1
Nb7 16. Ng3 c4 17. b4 a5 18. a3 axb4 19. cxb4 g6 20. Re3 Rfc8 21. Rc3 Qd8 22.
Be3 Ra6 23. Nd2 Ne8 24. Nf3 Ng7 25. Qe2 Qf8 26. Bh6 f6 27. Nh2 Nd8 28. Rf1 Nf7
29. Bc1 Nh8 30. f4 Nf7 31. Nf3 Qd8 32. Kh1 Rca8 33. f5 g5 34. h4 h6 35. Nh2
gxh4 36. Nh5 Ng5 37. Qg4 Qe8 38. Nxg7 Kxg7 39. Nf3 Bd8 40. Nxh4 Bb6 41. Rg3 Qf7
42. Qe2 Kh7 43. Ng6 Qg7 44. Qh5 Kg8 45. Bd1 Be8 46. Qh4 Bxg6 47. fxg6 Qxg6 48.
Rf5 Kg7 49. Bh5 1-0

[Event "XXI Moglianoscacchi Magistrale"]
[Site "Mogliano Veneto ITA"]
[Date "2000.04.29"]
[Round "2"]
[White "Drazic, Sinisa"]
[Black "Doric, Nenad"]
[Result "1-0"]
[WhiteElo "2483"]
[BlackElo "2294"]
[PlyCount "43"]
[EventDate "2000.04.29"]

1. d4 d5 2. Bg5 f6 3. Bh4 Nh6 4. f3 Nf5 5. Bf2 e6 6. e4 Nd6 7. Nc3 c6 8. Bd3 b6
9. Nge2 Ba6 10. Nf4 Kf7 11. O-O Be7 12. Re1 Bxd3 13. Qxd3 Nd7 14. Nxe6 Kxe6 15.
exd5+ Kf7 16. dxc6 Nb8 17. c7 Qxc7 18. Nd5 Qc4 19. Rxe7+ Kf8 20. Qxc4 Nxc4 21.
Rc7 Nd6 22. Bg3 1-0

[Event "XXI Moglianoscacchi Magistrale"]
[Site "Mogliano Veneto ITA"]
[Date "2000.04.29"]
[Round "2"]
[White "Lorusso, Giuseppe"]
[Black "Vujovic, Milorad"]
[Result "0-1"]
[WhiteElo "1792"]
[BlackElo "2316"]
[PlyCount "61"]
[EventDate "2000.04.29"]

1. d4 Nf6 2. c4 e6 3. Nc3 Bb4 4. Bg5 c5 5. a3 Bxc3+ 6. bxc3 Qa5 7. Bd2 Ne4 8.
Qc2 f5 9. Nf3 Nc6 10. e3 b6 11. Bd3 Ba6 12. O-O Rc8 13. Rfd1 Nd6 14. Qb3 Bb7
15. d5 exd5 16. cxd5 c4 17. Bxc4 Ne7 18. Be2 Qxd5 19. Qxd5 Nxd5 20. Ne5 Ne4 21.
c4 Nxd2 22. Rxd2 Nf6 23. Rad1 Rc7 24. Kf1 Ke7 25. Bd3 g6 26. Bc2 Ba6 27. Bb3 d5
28. Rd4 Rhc8 29. Rc1 dxc4 30. Rdxc4 Ne4 31. Ke1 0-1

[Event "XXI Moglianoscacchi Magistrale"]
[Site "Mogliano Veneto ITA"]
[Date "2000.04.29"]
[Round "2"]
[White "Mufic, Goran"]
[Black "Pastres, Roberto"]
[Result "1-0"]
[WhiteElo "2372"]
[BlackElo "2212"]
[PlyCount "46"]
[EventDate "2000.04.29"]

1. d4 g6 2. Nf3 f5 3. g3 Bg7 4. Bg2 Nh6 5. O-O Nf7 6. c4 c5 7. Nc3 cxd4 8. Nxd4
Nc6 9. Be3 Nce5 10. b3 Ng4 11. Bc1 Qb6 12. e3 Nf6 13. Ba3 a6 14. Rc1 e5 15.
Nde2 d6 16. c5 Qa5 17. Na4 e4 18. b4 Qd8 19. Nb6 Rb8 20. Qb3 Ne5 21. Nxc8 Rxc8
22. Qe6+ Kf8 23. cxd6 Nc6 1-0

[Event "XXI Moglianoscacchi Magistrale"]
[Site "Mogliano Veneto ITA"]
[Date "2000.04.29"]
[Round "2"]
[White "Scalcione, Michelangelo"]
[Black "Alberton, Roberto"]
[Result "1-0"]
[WhiteElo "2183"]
[BlackElo "2138"]
[PlyCount "61"]
[EventDate "2000.04.29"]

1. Nf3 Nf6 2. c4 c5 3. Nc3 Nc6 4. d4 cxd4 5. Nxd4 g6 6. e4 d6 7. Be2 Bg7 8. Be3
O-O 9. O-O a6 10. f3 Qc7 11. Rc1 Nxd4 12. Bxd4 e6 13. Na4 Bd7 14. Nb6 Rad8 15.
c5 dxc5 16. Bxc5 Bb5 17. Qe1 Bxe2 18. Qxe2 Rfe8 19. Bf2 Qb8 20. Rc2 Nd7 21. Nc4
b5 22. Na5 Rc8 23. Rfc1 Rxc2 24. Rxc2 Ne5 25. f4 Qd8 26. Nb7 Qb8 27. Nc5 Nc4
28. e5 a5 29. a4 Rd8 30. axb5 Nb6 31. Na6 1-0

[Event "XXI Moglianoscacchi Magistrale"]
[Site "Mogliano Veneto ITA"]
[Date "2000.04.29"]
[Round "2"]
[White "Solinas, Carlo"]
[Black "Ciampi, Vincenzo"]
[Result "1-0"]
[WhiteElo "2050"]
[BlackElo "2146"]
[PlyCount "116"]
[EventDate "2000.04.29"]

1. e4 c5 2. d4 cxd4 3. c3 dxc3 4. Nxc3 e6 5. Nf3 Bc5 6. Bc4 d6 7. O-O a6 8. Qe2
Ne7 9. Rd1 Qc7 10. Bg5 Ng6 11. e5 O-O 12. Rac1 Nc6 13. Ne4 Ncxe5 14. Nxe5 Nxe5
15. Nf6+ gxf6 16. Bxf6 h6 17. Qh5 Kh7 18. Kh1 Rg8 19. Bxe5 dxe5 20. Bd3+ f5 21.
b4 Qg7 22. Bf1 Bxf2 23. Rc2 Bd4 24. Rd3 f4 25. Rh3 Bb6 26. Bd3+ Kh8 27. Be4 Bd7
28. Qxh6+ Qxh6 29. Rxh6+ Kg7 30. Rh7+ Kf6 31. Rxd7 Rgd8 32. Rcd2 Rac8 33. Rxd8
Bxd8 34. Kg1 b5 35. Rd6 Rc1+ 36. Kf2 Be7 37. Rxa6 Bxb4 38. Kf3 Re1 39. Bd5 Rg1
40. Kg4 Re1 41. Rxe6+ Kg7 42. h4 Bc3 43. h5 Rh1 44. Rg6+ Kh7 45. Be4 Re1 46.
Bf5 Re3 47. Rc6+ Kh8 48. h6 Rg3+ 49. Kh5 Bb4 50. Bg6 Rc3 51. Re6 Rc8 52. Be8
Kh7 53. Bxb5 Bf8 54. Bd3+ Kh8 55. Kg6 Ra8 56. Bc4 Rd8 57. Rxe5 Rd2 58. Bd5 Rb2
1-0

[Event "XXI Moglianoscacchi Magistrale"]
[Site "Mogliano Veneto ITA"]
[Date "2000.04.29"]
[Round "2"]
[White "Suchan, Rafal"]
[Black "Jacimovic, Dragoljub"]
[Result "0-1"]
[WhiteElo "2306"]
[BlackElo "2474"]
[PlyCount "64"]
[EventDate "2000.04.29"]

1. e4 e6 2. d4 d5 3. Nd2 Nc6 4. Ngf3 Nf6 5. e5 Nd7 6. Be2 Be7 7. O-O O-O 8. c4
f6 9. exf6 Bxf6 10. Nb3 Nb6 11. c5 Nd7 12. Bb5 e5 13. Bxc6 bxc6 14. dxe5 Nxe5
15. Nxe5 Bxe5 16. f4 Ba6 17. Rf3 Bf6 18. Nd4 Qd7 19. Be3 Rae8 20. Bf2 Re4 21.
Qd2 Rfe8 22. h3 Bc4 23. Rc1 Qf7 24. b3 Be2 25. Nxe2 Rxe2 26. Qd3 Rxa2 27. Bd4
Qg6 28. g4 Ree2 29. Bxf6 Qxf6 30. Qc3 Qe7 31. Rg3 Qe4 32. Qf3 Qd4+ 0-1

[Event "XXI Moglianoscacchi Magistrale"]
[Site "Mogliano Veneto ITA"]
[Date "2000.04.30"]
[Round "3"]
[White "Alberton, Roberto"]
[Black "Cecchetto, Vanni"]
[Result "0-1"]
[WhiteElo "2138"]
[BlackElo "2143"]
[PlyCount "124"]
[EventDate "2000.04.29"]

1. d4 d5 2. c4 e6 3. Nc3 Nf6 4. cxd5 Nxd5 5. e4 Nxc3 6. bxc3 c5 7. Nf3 Na6 8.
Bxa6 bxa6 9. O-O Bd7 10. Ne5 Bd6 11. Nxd7 Qxd7 12. Qg4 O-O 13. e5 f5 14. Qe2
Bc7 15. Ba3 Rfc8 16. Bxc5 Bb6 17. Bxb6 axb6 18. Rab1 b5 19. Rb3 Rc4 20. Rd1
Rac8 21. Rd3 Qd5 22. Qf3 b4 23. Qxd5 exd5 24. Kf1 bxc3 25. Rb1 c2 26. Rc1 Kf7
27. Ke2 a5 28. Ke3 a4 29. Kd2 Ke6 30. h4 f4 31. Ke2 Kf5 32. f3 h6 33. Rd2 Kg6
34. Kf2 a3 35. Ke2 Kh5 36. Rd3 Kxh4 37. Rxa3 Rxd4 38. Rd3 Ra4 39. Rxd5 Rxa2 40.
Kf2 Kg5 41. Rd4 Rb2 42. Ke2 Kf5 43. e6 Re8 44. Re4 Rxe6 45. Rxe6 Kxe6 46. Kd2
Kd5 47. Kd3 Ra2 48. Rg1 c1=Q 49. Rxc1 Rxg2 50. Ra1 Rh2 51. Ra5+ Ke6 52. Ke4 g5
53. Ra6+ Kd7 54. Kf5 Rh3 55. Rb6 Rxf3 56. Rxh6 Rg3 57. Rf6 f3 58. Ke4 g4 59.
Ke3 Rg2 60. Rf4 Ke6 61. Rf8 Re2+ 62. Kd3 Re5 0-1

[Event "XXI Moglianoscacchi Magistrale"]
[Site "Mogliano Veneto ITA"]
[Date "2000.04.30"]
[Round "3"]
[White "Danieli, Enrico"]
[Black "Scalcione, Michelangelo"]
[Result "0-1"]
[WhiteElo "2055"]
[BlackElo "2183"]
[PlyCount "96"]
[EventDate "2000.04.29"]

1. Nf3 Nf6 2. d4 g6 3. e3 Bg7 4. Be2 O-O 5. O-O d6 6. c4 Nc6 7. Nc3 e5 8. a4
Bf5 9. Nh4 Bd7 10. Nf3 e4 11. Ne1 h5 12. Nc2 a5 13. f3 Bf5 14. Bd2 Bh6 15. f4
Ne7 16. Be1 c6 17. Bh4 Bg7 18. h3 d5 19. cxd5 cxd5 20. Na3 Be6 21. Rc1 Nf5 22.
Bf2 h4 23. Ncb5 g5 24. fxg5 Nh7 25. g6 Ng5 26. gxf7+ Rxf7 27. Bg4 Bh6 28. Bxf5
Bxf5 29. Qh5 Rh7 30. Kh1 Bf8 31. Qe2 Rc8 32. Bg1 Qd7 33. Rxc8 Qxc8 34. Qf2 Bxh3
35. Qxf8+ Qxf8 36. Rxf8+ Kxf8 37. gxh3 Rf7 38. Kg2 Rf3 39. Nc3 Rg3+ 40. Kf1
Nxh3 41. Bh2 Rxe3 42. Nxd5 Rf3+ 43. Kg2 Nf2 44. Nc4 h3+ 45. Kg1 Ng4 46. Bd6+
Ke8 47. Bf4 h2+ 48. Bxh2 e3 0-1

[Event "XXI Moglianoscacchi Magistrale"]
[Site "Mogliano Veneto ITA"]
[Date "2000.04.30"]
[Round "3"]
[White "Del Monaco, Andrea"]
[Black "Lorusso, Giuseppe"]
[Result "1-0"]
[WhiteElo "2093"]
[BlackElo "1792"]
[PlyCount "69"]
[EventDate "2000.04.29"]

1. d4 Nf6 2. c4 c5 3. d5 b5 4. Nf3 d6 5. cxb5 a6 6. bxa6 Bxa6 7. Nc3 g6 8. e4
Bxf1 9. Kxf1 Nbd7 10. g3 Bg7 11. Kg2 O-O 12. Re1 Qa5 13. e5 Nxe5 14. Nxe5 dxe5
15. Rxe5 Rad8 16. Qf3 Rd7 17. Bg5 h6 18. Bxf6 Bxf6 19. Re2 Rfd8 20. Rd1 Bg7 21.
h4 Qa8 22. Red2 e6 23. d6 Qa6 24. Ne4 Qb6 25. h5 f5 26. Nc3 g5 27. Na4 Qa5 28.
Qc6 Bd4 29. Rxd4 cxd4 30. Rxd4 Qe5 31. Qc3 Kf7 32. Nb6 Rxd6 33. Qc7+ Ke8 34.
Nc8 Rxc8 35. Qxc8+ 1-0

[Event "XXI Moglianoscacchi Magistrale"]
[Site "Mogliano Veneto ITA"]
[Date "2000.04.30"]
[Round "3"]
[White "Doric, Nenad"]
[Black "Caruso, Augusto"]
[Result "1/2-1/2"]
[WhiteElo "2294"]
[BlackElo "2260"]
[PlyCount "37"]
[EventDate "2000.04.29"]

1. e4 e5 2. Nf3 Nc6 3. Nc3 g6 4. d4 exd4 5. Nxd4 Bg7 6. Be3 d6 7. Qd2 Nf6 8. f3
O-O 9. O-O-O Bd7 10. h4 Rb8 11. g4 b5 12. Nxc6 Bxc6 13. Bh6 Nd7 14. Bxg7 Kxg7
15. h5 g5 16. h6+ Kh8 17. f4 gxf4 18. Qxf4 Qf6 19. Qe3 1/2-1/2

[Event "XXI Moglianoscacchi Magistrale"]
[Site "Mogliano Veneto ITA"]
[Date "2000.04.30"]
[Round "3"]
[White "Gallo, Enrico"]
[Black "Renier, Renzo"]
[Result "1-0"]
[WhiteElo "2161"]
[BlackElo "1917"]
[PlyCount "59"]
[EventDate "2000.04.29"]

1. e4 e5 2. Nf3 Nc6 3. Bb5 a6 4. Ba4 Nf6 5. O-O Be7 6. Re1 b5 7. Bb3 O-O 8. c3
d6 9. h3 Na5 10. Bc2 c5 11. d4 Qc7 12. Nbd2 cxd4 13. cxd4 Bb7 14. Nf1 Rac8 15.
Bb1 d5 16. Nxe5 Nxe4 17. Qg4 f5 18. Qe2 Bd6 19. Bf4 Nc4 20. Bxe4 dxe4 21. Rac1
Qb8 22. Nd7 Qc7 23. Bxd6 Qxd6 24. Nxf8 Rxf8 25. Ne3 Qxd4 26. Nxc4 f4 27. Qd2
Qf6 28. Nd6 Rd8 29. Nxe4 Bxe4 30. Qb4 1-0

[Event "XXI Moglianoscacchi Magistrale"]
[Site "Mogliano Veneto ITA"]
[Date "2000.04.30"]
[Round "3"]
[White "Jacimovic, Dragoljub"]
[Black "Mufic, Goran"]
[Result "1/2-1/2"]
[WhiteElo "2474"]
[BlackElo "2372"]
[PlyCount "41"]
[EventDate "2000.04.29"]

1. d4 d5 2. c4 c6 3. cxd5 cxd5 4. Nc3 Nf6 5. Bf4 Nc6 6. e3 a6 7. Bd3 e6 8. Rc1
Be7 9. Nf3 O-O 10. h3 Bd7 11. O-O Qa5 12. Ne5 Rfc8 13. Bg5 Qd8 14. Bxf6 Bxf6
15. Bxh7+ Kf8 16. Nxd7+ Qxd7 17. Bb1 b5 18. a3 Na5 19. Ba2 Rab8 20. Qd2 Nc4 21.
Bxc4 1/2-1/2

[Event "XXI Moglianoscacchi Magistrale"]
[Site "Mogliano Veneto ITA"]
[Date "2000.04.30"]
[Round "3"]
[White "Klundt, Klaus"]
[Black "Colovic, Aleksandar"]
[Result "1/2-1/2"]
[WhiteElo "2398"]
[BlackElo "2414"]
[PlyCount "39"]
[EventDate "2000.04.29"]

1. e4 c5 2. Nf3 d6 3. d4 cxd4 4. Nxd4 Nf6 5. Nc3 a6 6. f4 Qc7 7. Be2 g6 8. O-O
Bg7 9. Be3 O-O 10. g4 Nc6 11. f5 d5 12. exd5 Qe5 13. Bf2 Nxd5 14. Nxd5 Nxd4 15.
Bxd4 Qxd4+ 16. Qxd4 Bxd4+ 17. Kg2 Bxb2 18. Nxe7+ Kg7 19. Rab1 Be5 20. Nd5
1/2-1/2

[Event "XXI Moglianoscacchi Magistrale"]
[Site "Mogliano Veneto ITA"]
[Date "2000.04.30"]
[Round "3"]
[White "Pastres, Roberto"]
[Black "Solinas, Carlo"]
[Result "1-0"]
[WhiteElo "2212"]
[BlackElo "2050"]
[PlyCount "67"]
[EventDate "2000.04.29"]

1. Nf3 Nf6 2. g3 g6 3. Bg2 Bg7 4. c4 O-O 5. Nc3 d6 6. O-O c6 7. e4 Qa5 8. Rb1
Qh5 9. Nh4 Bg4 10. f3 Be6 11. d3 Nfd7 12. Be3 Bf6 13. f4 Bg4 14. Nf3 e5 15. Qd2
Bg7 16. b4 exf4 17. Bxf4 Ne5 18. Nxe5 dxe5 19. Be3 Nd7 20. b5 c5 21. Nd5 b6 22.
a4 Kh8 23. Rf2 f6 24. Rbf1 Rf7 25. Bf3 Raf8 26. Bxg4 Qxg4 27. Kg2 Qh5 28. h3 f5
29. g4 fxg4 30. Rxf7 Qxh3+ 31. Kg1 Rxf7 32. Rxf7 g3 33. Qg2 Qe6 34. Rf3 1-0

[Event "XXI Moglianoscacchi Magistrale"]
[Site "Mogliano Veneto ITA"]
[Date "2000.04.30"]
[Round "3"]
[White "Vujovic, Milorad"]
[Black "Drazic, Sinisa"]
[Result "0-1"]
[WhiteElo "2316"]
[BlackElo "2483"]
[PlyCount "78"]
[EventDate "2000.04.29"]

1. g3 c5 2. Bg2 d5 3. Nf3 Nc6 4. d4 Nf6 5. O-O Bg4 6. Ne5 cxd4 7. Nxg4 Nxg4 8.
e3 Nf6 9. exd4 e6 10. b3 Be7 11. Bb2 b5 12. c4 bxc4 13. bxc4 Rb8 14. Bc3 O-O
15. c5 Ne4 16. Bxe4 dxe4 17. Nd2 Qd5 18. Nb3 f5 19. Qe2 Bf6 20. Rad1 a5 21.
Nxa5 Nxa5 22. Bxa5 Bxd4 23. Bc7 Rb4 24. Bd6 Ra8 25. Rd2 Rba4 26. Rfd1 Rxa2 27.
Bf4 Rxd2 28. Qxd2 Bxf2+ 29. Kxf2 Ra2 30. Be3 e5 31. Ke1 Rxd2 32. Rxd2 Qb3 33.
Rd8+ Kf7 34. Kd2 Qb2+ 35. Kd1 Qc3 36. Ke2 f4 37. gxf4 exf4 38. Bd4 Qc2+ 39. Ke1
e3 0-1

[Event "XXI Moglianoscacchi Magistrale"]
[Site "Mogliano Veneto ITA"]
[Date "2000.04.30"]
[Round "4"]
[White "Caruso, Augusto"]
[Black "Del Monaco, Andrea"]
[Result "1-0"]
[WhiteElo "2260"]
[BlackElo "2093"]
[PlyCount "67"]
[EventDate "2000.04.29"]

1. e4 c5 2. Nf3 Nc6 3. d4 cxd4 4. Nxd4 Nf6 5. Nc3 e5 6. Ndb5 d6 7. Bg5 a6 8.
Na3 b5 9. Nd5 Be7 10. Nxe7 Qxe7 11. c4 b4 12. Nc2 Bb7 13. Bd3 h6 14. Bh4 Qe6
15. O-O O-O 16. f3 Nd7 17. Bf2 Nc5 18. Ne3 Nd4 19. Nd5 Bxd5 20. cxd5 Qe7 21.
Bc4 f5 22. Bxd4 exd4 23. Qxd4 fxe4 24. Qxc5 dxc5 25. d6+ Qf7 26. Bxf7+ Rxf7 27.
fxe4 Rd7 28. e5 Re8 29. Rfe1 c4 30. Rac1 c3 31. bxc3 bxc3 32. Kf2 Rf7+ 33. Kg3
Rd7 34. Rxc3 1-0

[Event "XXI Moglianoscacchi Magistrale"]
[Site "Mogliano Veneto ITA"]
[Date "2000.04.30"]
[Round "4"]
[White "Colovic, Aleksandar"]
[Black "Gallo, Enrico"]
[Result "1-0"]
[WhiteElo "2414"]
[BlackElo "2161"]
[PlyCount "147"]
[EventDate "2000.04.29"]

1. e4 c5 2. Nf3 Nc6 3. Nc3 g6 4. d4 cxd4 5. Nxd4 Bg7 6. Be3 d6 7. Qd2 Nf6 8. f3
O-O 9. Bc4 Bd7 10. O-O-O b5 11. Nxc6 Bxc6 12. Bxb5 Bxb5 13. Nxb5 Qb8 14. Nd4
Qb7 15. Kb1 Rfc8 16. Nb3 a5 17. Bd4 a4 18. Nc1 Rc4 19. Ne2 Rb8 20. b3 Nd7 21.
Bxg7 Kxg7 22. Qd5 Qa6 23. Nc1 Nc5 24. Rd4 Rc3 25. Kb2 Qa5 26. Rc4 Kg8 27. Rd1
axb3 28. cxb3 Rxc4 29. Qxc4 Na4+ 30. Ka1 Nb6 31. Qd4 Rc8 32. Kb1 Qb5 33. Qb2 f5
34. Re1 fxe4 35. fxe4 Nd7 36. Qd4 Ne5 37. h3 Rc5 38. Rd1 Nc6 39. Qd2 Re5 40.
Re1 Nb4 41. Qe2 Qb7 42. Qf3 Nd5 43. Nd3 Rxe4 44. Rxe4 Nc3+ 45. Kc2 Nxe4 46. Nf2
Nc5 47. Qxb7 Nxb7 48. b4 d5 49. a4 e5 50. Ng4 Kf7 51. Nxe5+ Ke6 52. Nf3 Kd6 53.
Kc3 Kc6 54. Kd4 Nd8 55. Ke5 Nf7+ 56. Kf6 Nd6 57. Nd4+ Kd7 58. Ke5 Nc4+ 59. Kxd5
Nb6+ 60. Ke5 Nxa4 61. Kf6 Nc3 62. Kg7 Nd5 63. g4 Nf4 64. h4 h5 65. g5 Kc7 66.
Nf3 Kd6 67. Kf6 Kd5 68. Ne5 Ke4 69. Nxg6 Nd5+ 70. Kg7 Kf5 71. b5 Kg4 72. Kh6
Nb6 73. Ne5+ Kf5 74. g6 1-0